000 00561nam a2200193Ia 4500
005 20250627112746.0
008 008 250516s9999 xx 000 0 eng d
020 _a9789811286155
040 _beng
_cSDCL
041 _aeng
_2eng
084 _aB2893 R4
100 _aAndronov, Alexander
_9810070
245 0 _aContinuos-time markov-modulated chains in operations research
260 _aNew Jersey :
_bWorld Scientific,
_c2024.
300 _axvi, 210p.
650 _aOperational Research
700 _aMahareva, Kristina
_9810071
942 _cTEXL
_2CC
999 _c1430539
_d1430539